000 00675cam a22002293a 4500
001 14913
003 PGUSA
005 20140828083323.0
008 050205s2005||||xxu|||||s|||||000 | eng d
040 _aPGUSA
_beng
042 _adc
050 4 _aPQ
100 1 _aLa Rochefoucauld, François duc de,
_d1613-1680
245 1 0 _aRéflexions ou sentences et maximes morales
_h[electronic resource] /
_cFrançois duc de La Rochefoucauld
260 _bProject Gutenberg,
_c2005
506 _aPublic domain in the USA.
516 _aElectronic text
653 _aMaxims
830 0 _aProject Gutenberg
_v14913
856 4 0 _uhttp://www.gutenberg.org/ebooks/14913
942 _cEB
999 _c244168
_d244168